ՀՀ Գիտությունների ազգային ակադեմիայի հիմնարար գիտական գրադարան  =   Fundamental Scientific Library of NAS RA

Հեքիաթներ / (Record no. 139031)

MARC details
000 -LEADER
fixed length control field 01010nam a2200229 a 4500
001 - CONTROL NUMBER
control field 000363314
003 - CONTROL NUMBER IDENTIFIER
control field AM-YeHGA
005 - DATE AND TIME OF LATEST TRANSACTION
control field 20250618072242.0
008 - FIXED-LENGTH DATA ELEMENTS--GENERAL INFORMATION
fixed length control field 040924s1980 ai a|||gr|||||||||1|arm|d
040 ## - CATALOGING SOURCE
Original cataloging agency AM-YeHGA
041 1# - LANGUAGE CODE
Language code of text/sound track or separate title arm
Language code of original rus
090 ## - LOCALLY ASSIGNED LC-TYPE CALL NUMBER (OCLC); LOCAL CALL NUMBER (RLIN)
-- 140408
100 1# - MAIN ENTRY--PERSONAL NAME
Personal name Պերրո, Շ.
245 10 - TITLE STATEMENT
Title Հեքիաթներ /
Statement of responsibility, etc. Շ. Պերրո ; Ռուս. թարգմ.՝ Ա.Ա. Ղուկասյան ; Խմբ.՝ Լ.Տ. Սարգսյան ; Նկ.՝ Վ.Ք. Մանդակունի.
260 ## - PUBLICATION, DISTRIBUTION, ETC.
Place of publication, distribution, etc. Երևան :
Name of publisher, distributor, etc. Սովետական գրող,
Date of publication, distribution, etc. 1980.
300 ## - PHYSICAL DESCRIPTION
Extent 126 էջ :
Other physical details գունանկ. ;
Dimensions 27 սմ.
650 14 - SUBJECT ADDED ENTRY--TOPICAL TERM
Topical term or geographic name entry element Ֆրանսիական մանկական գրականություն
General subdivision Հեքիաթ
700 1# - ADDED ENTRY--PERSONAL NAME
Personal name Ղուկասյան, Ամալյա Արմենակի,
Dates associated with a name 1928-2016
Relator term թարգմ.
Relationship trl
9 (RLIN) 2664
700 1# - ADDED ENTRY--PERSONAL NAME
Personal name Սարգսյան, Լիպարիտ Տիգրանի,
Dates associated with a name 1938-2023
Relator term խմբ.
Relationship edt
9 (RLIN) 1060
700 1# - ADDED ENTRY--PERSONAL NAME
Personal name Մանդակունի, Վաղինակ Քրիստափորի,
Dates associated with a name 1929-1990
Relator term նկ.
Relationship art
9 (RLIN) 3402
942 ## - ADDED ENTRY ELEMENTS (KOHA)
Source of classification or shelving scheme Universal Decimal Classification
Koha item type Գրքեր / Books
Holdings
Withdrawn status Lost status Damaged status Not for loan Collection Home library Current library Date acquired Total checkouts Full call number Barcode Date last seen Price effective from Koha item type Public note Cost, replacement price
        General Fundamental Scientific Library Fundamental Scientific Library 22/12/2016   AIII/4966 FL0074113 22/12/2016 22/12/2016 Գրքեր / Books 30 Days Loan  
        General Fundamental Scientific Library Fundamental Scientific Library 22/12/2016   AIII/4994 FL0074107 22/12/2016 22/12/2016 Գրքեր / Books 30 Days Loan 1.00
        General Fundamental Scientific Library Fundamental Scientific Library 22/12/2016   AIII/4995 FL0074106 22/12/2016 22/12/2016 Գրքեր / Books 30 Days Loan 1.00


ՀՀ ԳԱԱ հիմնարար գիտական գրադարան
ՀՀ,Երևան 0019
Մարշալ Բաղրամյան 24/6
հեռախոս:(374-10) 52-47-50
Հետադարձ կապ

All site content, except where otherwise noted, is licensed under a
Creative Commons License